Logo BPK

Biblioteka

Politechniki Koszalińskiej

VI Krajowa Konferencja Robotyki = (Rekord nr 34521)

Szczegóły MARC
000 -ETYKIETA REKORDU
podpole kontrolne o stałej długości 01199nam a2200241 i 4500
001 - NUMER KONTROLNY REKORDU
pole kontrolne bg
040 ## - ŹRÓDŁO KATALOGOWANIA
Instytucja, która utworzyła rekord BPK
041 0# - KOD JĘZYKA
Kod języka tekstu pl
Kod języka streszczenia lub abstraktu en
080 ## - UNIWERSALNA KLASYFIKACJA DZIESIĘTNA - UKD
UKD 681.5(061)
008 - POLE O STAŁEJ DŁUGOŚCI - DANE KONTROLNE
podpole kontrolne o stałej długości s pl f |000 0 pol
111 2# - NAZWA IMPREZY
Nazwa imprezy Krajowa Konferencja Robotyki
Oznaczenie części/sekcji/imprezy (6 ;
Data imprezy 1998 ;
Miejsce imprezy Świeradów-Zdrój).
245 13 - TYTUŁ/ODPOWIEDZIALNOŚĆ
Tytuł VI Krajowa Konferencja Robotyki =
Ciąg dalszy tytułu Sixth National Confrence on Robotics.
Oznaczenie części/sekcji dzieła T.2.
246 ## - WARIANT TYTUŁU
Treść wyrażenia wprowadzającego Tyt. równol.:
Tytuł Sixth National Confrence on Robotics
260 ## - STREFA ADRESU WYDAWNICZEGO
Miejsce wydania Wrocław :
Nazwa wydawcy/dystrybutora Oficyna Wydawnicza PW,
Data publikacji, dystrybucji/powstania dokumentu 1998.
300 ## - STREFA OPISU FIZYCZNEGO
Objętość 290 s. :
Inne cechy fizyczne fot., rys., wykr. ;
Rozmiary 24 cm.
490 1# - STREFA SERII I DOKUMENTU WIELOCZĘŚCIOWEGO - FORMA NIE DO WYSZUKIWANIA
Tytuł i oznaczenie odpowiedzialności serii Prace Naukowe Instytutu Cybernetyki Technicznej Politechniki Wrocławskiej. Konferencje =
-- Scientific Papers of the Institute of Technical Cybernetics of the Wrocław University of Technology. Conferences,
ISSN 0324-9794 ;
Numeracja w obrębie serii 45
500 ## - UWAGI OGÓLNE
Tekst uwagi Tyt. równol. : Sixth National Conference on Robotics. - Nr serii gł. : 99. - Konferencja zorg. w Świeradowie-Zdroju, 9-12 września 1998 r. - Streszcz. ang.
504 ## - UWAGA DOTYCZĄCA BIBLIOGRAFII
Informacje o bibliografii Bibliogr. przy ref.
650 #9 - HASŁO PRZEDMIOTOWE W FORMIE NAZWY OGÓLNEJ LUB JEDNOSTKOWEJ
Nazwa ogólna lub geograficzna Automatyka
655 ## - TERMIN INDEKSOWY - OKREŚLENIE RODZAJU/FORMY DOKUMENTU
Określenie rodzaju/formy dokumentu Materiały konferencyjne
830 #0 - HASŁO DODATKOWE SERII LUB DOKUMENTU WIELOCZĘŚCIOWEGO - TYTUŁ UJEDNOLICONY
Tytuł ujednolicony Prace Naukowe Instytutu Cybernetyki Technicznej Politechniki Wrocławskiej.
Nazwa części/sekcji dzieła Konferencje ;
Oznaczenie tomu 45
856 ## - LOKALIZACJA I DOSTĘP DO ELEKTRONICZNYCH DOKUMENTÓW ZDALNYCH
Link (URL) http://koha.tu.koszalin.pl/cgi-bin/koha/opac-detail.pl?biblionumber=34521
Tekst linku Katalog online BPK
942 ## - DODATKOWE ELEMENTY (KOHA)
Typ dokumentu Książka
Egzemplarze
Wycofany Status egzemplarza Uszkodzony Dostępność Lokalizacja stała Lokalizacja bieżąca Miejsce przechowywania Sygnatura Kod kreskowy Typ dokumentu
      Dostępny Biblioteka Politechniki Koszalińskiej Biblioteka Politechniki Koszalińskiej Wypożyczalnia BG 47847 01404463 Książka
© 2023 Biblioteka Politechniki Koszalińskiej :: KOHA